Statystyki dla Powiaty na literę T

Kliknij tutaj aby rozwiązać quiz!

Ogólne statystyki

  • Ten quiz został rozwiązany 186 razy
  • Średni wynik to 13 z 15

Statystyki odpowiedzi

WojewództwoPowiat% Poprawnych
małopolskieTarnów
98%
małopolskietarnowski
97%
pomorskietczewski
91%
lubelskietomaszowski
91%
łódzkietomaszowski
91%
kujawsko-pomorskieToruń
91%
kujawsko-pomorskietoruński
91%
śląskieTychy
91%
podkarpackietarnobrzeski
89%
podkarpackieTarnobrzeg
87%
wielkopolskieturecki
84%
małopolskietatrzański
82%
dolnośląskietrzebnicki
80%
kujawsko-pomorskietucholski
78%
śląskietarnogórski
74%

Rozkład punktacji

Percentyl według liczby udzielonych odpowiedzi

Procent ludzi z każdym wynikiem

Twoja historia wyników

Nie rozwiązałeś tego quizu